[Event "Bayern-chTT (LL Nord)"]
[Site "Bayern 2008/09"]
[Date "2008.12.14"]
[Round "4.2"]
[White "Muehlbauer, Andreas(80)"]
[Black "Hitzler, Philipp"]
[Result "1/2-1/2"]
[WhiteElo "2110"]
[BlackElo "2220"]
[PlyCount "28"]
[EventDate "2009.03.??"]
[EventType "team-tourn"]
[EventRounds "9"]
[WhiteTeam "Kötzting 1"]
[BlackTeam "Neutraubling 1"]

1. e4 e5 2. Nf3 Nc6 3. Bb5 a6 4. Bxc6 dxc6 5. O-O f6 6. d4 Bg4 7. c3 Bd6 8. Be3
Ne7 9. Nbd2 O-O 10. Qb3+ Kh8 11. Qxb7 Be6 12. c4 Rb8 13. Qxa6 Ra8 14. Qb7 Rb8
1/2-1/2

[Event "Bayern-chTT (LL Nord)"]
[Site "Bayern 2008/09"]
[Date "2008.12.14"]
[Round "4.3"]
[White "Werner, Claus"]
[Black "Cedikova, Katerina"]
[Result "1/2-1/2"]
[WhiteElo "2197"]
[BlackElo "2126"]
[PlyCount "109"]
[EventDate "2009.03.??"]
[EventType "team-tourn"]
[EventRounds "9"]
[WhiteTeam "Neutraubling 1"]
[BlackTeam "Kötzting 1"]

1. d4 g6 2. c4 Bg7 3. Nc3 Nf6 4. e4 O-O 5. Nf3 d6 6. Be2 e5 7. O-O Nc6 8. d5
Ne7 9. Ne1 Ne8 10. Be3 f5 11. f3 f4 12. Bf2 h5 13. c5 g5 14. Rc1 Rf6 15. a4 Rg6
16. a5 g4 17. Kh1 Kh8 18. Nb5 Ng8 19. cxd6 cxd6 20. Nxa7 g3 21. Bg1 Bd7 22. b4
Qh4 23. Bb5 gxh2 24. Bf2 Qe7 25. Qe2 h4 26. Bxd7 Qxd7 27. Qb5 Qe7 28. Nc8 Qf7
29. Kxh2 Rg3 30. Rh1 Bf6 31. Kg1 Nh6 32. Bxg3 fxg3 33. Nb6 Rd8 34. Qc4 Bg5 35.
Rc2 Ng4 36. Qd3 Nh2 37. Qe2 Qf4 38. Nc4 Rc8 39. Nd3 Qf6 40. Rxh2 gxh2+ 41. Kxh2
Ng7 42. Nb6 Rg8 43. Rc8 Bf4+ 44. Kg1 Ne8 45. Nf2 Qg5 46. Ng4 h3 47. b5 Qh4 48.
Qf2 Bg3 49. Qf1 Rxg4 50. Rxe8+ Kh7 51. fxg4 Bf2+ 52. Kh2 hxg2+ 53. Kxg2 Qg3+
54. Kh1 Qh4+ 55. Kg2 1/2-1/2

[Event "Bayern-chTT (LL Nord)"]
[Site "Bayern 2008/09"]
[Date "2008.12.14"]
[Round "4.4"]
[White "Sott, Pavel"]
[Black "Wutz, Christoph"]
[Result "1/2-1/2"]
[WhiteElo "2116"]
[BlackElo "2145"]
[PlyCount "27"]
[EventDate "2009.03.??"]
[EventType "team-tourn"]
[EventRounds "9"]
[WhiteTeam "Kötzting 1"]
[BlackTeam "Neutraubling 1"]

1. e4 e6 2. d4 d5 3. Nc3 Bb4 4. Qd3 Ne7 5. Bd2 b6 6. Nge2 O-O 7. O-O-O Ba6 8.
Qf3 Nbc6 9. h4 Bxc3 10. Bxc3 dxe4 11. Qxe4 Qd5 12. Qxd5 Nxd5 13. Be1 Rad8 14.
Nc3 1/2-1/2

[Event "Bayern-chTT (LL Nord)"]
[Site "Bayern 2008/09"]
[Date "2008.12.14"]
[Round "4.5"]
[White "Gegenfurtner, Juergen"]
[Black "Muehlbauer, Gerhard"]
[Result "1-0"]
[WhiteElo "2089"]
[BlackElo "1973"]
[PlyCount "64"]
[EventDate "2009.03.??"]
[EventType "team-tourn"]
[EventRounds "9"]
[WhiteTeam "Neutraubling 1"]
[BlackTeam "Kötzting 1"]

1. d4 Nf6 2. Nf3 c5 3. c4 g6 4. Nc3 Bg7 5. e4 cxd4 6. Nxd4 d6 7. Be2 O-O 8. O-O
Nc6 9. Nc2 Bd7 10. Be3 Rc8 11. f3 Ne5 12. Na3 Qa5 13. Rc1 Bc6 14. Qd2 Rfd8 15.
Nc2 Qc7 16. b4 b6 17. Nd4 Bb7 18. Nd5 Qd7 19. Bg5 Nxd5 20. exd5 Re8 21. f4 Ng4
22. Ne6 Nf6 23. Nxg7 Kxg7 24. Qd4 h6 25. Bh4 Qf5 26. Rce1 Qe4 27. Qb2 b5 28.
Bg4 Qxc4 29. Bxc8 Bxc8 30. Rxe7 Rxe7 31. Qxf6+ Kh7 32. Qxe7 Qxd5 1-0

[Event "Bayern-chTT (LL Nord)"]
[Site "Bayern 2008/09"]
[Date "2008.12.14"]
[Round "4.6"]
[White "Novacek, Karel"]
[Black "Dietrich, Reinhard(70)"]
[Result "0-1"]
[WhiteElo "1938"]
[BlackElo "2049"]
[PlyCount "62"]
[EventDate "2009.03.??"]
[EventType "team-tourn"]
[EventRounds "9"]
[WhiteTeam "Kötzting 1"]
[BlackTeam "Neutraubling 1"]

1. e4 e6 2. d4 d5 3. Nc3 h6 4. g3 Bb4 5. Bg2 dxe4 6. Nge2 Nf6 7. O-O O-O 8.
Nxe4 Nbd7 9. b3 Rb8 10. Bb2 b6 11. c4 Bb7 12. N2c3 Be7 13. Re1 Re8 14. Qe2 c6
15. Rad1 Qc7 16. d5 exd5 17. cxd5 Nxd5 18. Nxd5 cxd5 19. Qg4 Bf8 20. Rc1 Bc6
21. Nc3 Rxe1+ 22. Rxe1 Nf6 23. Qf5 Qb7 24. Ne2 Ne4 25. Nc3 Re8 26. Rd1 Bc5 27.
Bxe4 dxe4 28. Nd5 Bxd5 29. Qxd5 Qe7 30. Bd4 Rd8 31. Qc4 Qd7 0-1

[Event "Bayern-chTT (LL Nord)"]
[Site "Bayern 2008/09"]
[Date "2008.12.14"]
[Round "4.7"]
[White "Wltschek, Christian"]
[Black "Graf, Eduard"]
[Result "1-0"]
[WhiteElo "1882"]
[BlackElo "1863"]
[PlyCount "59"]
[EventDate "2009.03.??"]
[EventType "team-tourn"]
[EventRounds "9"]
[WhiteTeam "Neutraubling 1"]
[BlackTeam "Kötzting 1"]

1. e4 c5 2. Nf3 Nc6 3. Bb5 g6 4. O-O Bg7 5. c3 Nf6 6. e5 Nd5 7. d4 Qb6 8. a4
cxd4 9. cxd4 a6 10. Bc4 Ncb4 11. Qb3 e6 12. Nc3 Qc6 13. Ne4 O-O 14. a5 b5 15.
axb6 Nxb6 16. Qxb4 Nxc4 17. Nc5 Nb6 18. Bg5 Nd5 19. Qd2 d6 20. Ne4 dxe5 21.
dxe5 Rb8 22. Bh6 Bb7 23. Nf6+ Kh8 24. Rfc1 Qb5 25. Qg5 Rbd8 26. Qh4 Nxf6 27.
Bxg7+ Kxg7 28. exf6+ Kh8 29. Qh6 Rg8 30. Ng5 1-0

[Event "Bayern-chTT (LL Nord)"]
[Site "Bayern 2008/09"]
[Date "2008.12.14"]
[Round "4.8"]
[White "Weingut, Roland"]
[Black "Werner, Holger(72)"]
[Result "1/2-1/2"]
[WhiteElo "1845"]
[BlackElo "1824"]
[PlyCount "83"]
[EventDate "2009.03.??"]
[EventType "team-tourn"]
[EventRounds "9"]
[WhiteTeam "Kötzting 1"]
[BlackTeam "Neutraubling 1"]

1. d4 Nf6 2. Bg5 e6 3. e4 h6 4. Bxf6 Qxf6 5. Nc3 a6 6. Qd2 c5 7. e5 Qd8 8. d5
d6 9. dxe6 Bxe6 10. O-O-O Nc6 11. exd6 Nd4 12. Nge2 Bxd6 13. Nxd4 cxd4 14. Ne4
Be7 15. Qxd4 O-O 16. Qe5 Qb6 17. Bd3 Rfe8 18. f4 f5 19. Nc3 Bf6 20. Qe1 Bxa2
21. Qd2 Rac8 22. Rhe1 Be6 23. Na4 Qd4 24. Nc3 Qb4 25. Bxf5 Qa5 26. Bxe6+ Rxe6
27. Qd5 Qxd5 28. Nxd5 Rxe1 29. Rxe1 Rd8 30. Nxf6+ gxf6 31. c3 Kf7 32. Kc2 Kg6
33. Rd1 Re8 34. Rd2 Kf5 35. g3 h5 36. h3 Re3 37. Rd5+ Ke4 38. Rxh5 Rxg3 39. Rh7
b5 40. h4 Kxf4 41. h5 Kg5 42. Ra7 1/2-1/2

[Event "Bayern-chTT (LL Nord)"]
[Site "Bayern 2008/09"]
[Date "2008.12.14"]
[Round "4.1"]
[White "Haba, Zdenek"]
[Black "Koch, Moritz"]
[Result "1-0"]
[WhiteElo "2205"]
[BlackElo "2249"]
[PlyCount "79"]
[EventDate "2009.03.??"]
[EventType "team-tourn"]
[EventRounds "9"]
[WhiteTeam "Kulmbach 1"]
[BlackTeam "Puschendorf 1"]

1. d4 Nf6 2. c4 g6 3. Nc3 d5 4. cxd5 Nxd5 5. h4 Bg7 6. Nf3 c5 7. Qb3 Nxc3 8.
bxc3 Nc6 9. e3 a6 10. h5 Qc7 11. hxg6 hxg6 12. Rxh8+ Bxh8 13. Ng5 e6 14. Rb1
cxd4 15. exd4 Kf8 16. g3 Kg8 17. Bg2 Na5 18. Qb4 Bf6 19. Ne4 Be7 20. Bf4 Qd8
21. Bd6 Nc6 22. Bxe7 Nxe7 23. Qd6 Qxd6 24. Nxd6 Nf5 25. Nxf5 gxf5 26. Bxb7 Rb8
27. Be4 Rxb1+ 28. Bxb1 Kf8 29. Kd2 Ke7 30. a3 Kd6 31. Ba2 Bb7 32. Ke3 Bc6 33.
c4 Bd7 34. Bb3 a5 35. c5+ Ke7 36. d5 exd5 37. Bxd5 f6 38. Bb7 Be6 39. Kd4 Kd7
40. Bd5 1-0

[Event "Bayern-chTT (LL Nord)"]
[Site "Bayern 2008/09"]
[Date "2008.12.14"]
[Round "4.2"]
[White "Lauer, Moritz"]
[Black "Vedral, Oldrich"]
[Result "0-1"]
[WhiteElo "2242"]
[BlackElo "2239"]
[PlyCount "84"]
[EventDate "2009.03.??"]
[EventType "team-tourn"]
[EventRounds "9"]
[WhiteTeam "Puschendorf 1"]
[BlackTeam "Kulmbach 1"]

1. e4 c5 2. Nf3 e6 3. Nc3 Nc6 4. d4 cxd4 5. Nxd4 Qc7 6. Be3 a6 7. Bd3 Nf6 8.
O-O b5 9. Nxc6 dxc6 10. f4 e5 11. Qf3 Ng4 12. Bd2 Bc5+ 13. Kh1 Qe7 14. Qg3 h5
15. h3 exf4 16. Qxf4 Bd6 17. e5 Bxe5 18. Qe4 Bd7 19. Rae1 O-O-O 20. Bf4 Rde8
21. Bxe5 Qxe5 22. Qxe5 Nxe5 23. Ne4 Kc7 24. Nc5 a5 25. Re3 f6 26. Rfe1 Nxd3 27.
cxd3 Rxe3 28. Rxe3 Re8 29. Rg3 Re7 30. Kg1 h4 31. Rf3 Re2 32. Rf2 Rxf2 33. Kxf2
Bf5 34. Ke3 g5 35. b3 Bg6 36. a3 Bf7 37. b4 axb4 38. axb4 Bd5 39. Kf2 Kd6 40.
d4 f5 41. Nd3 Be4 42. Ne5 Kd5 0-1

[Event "Bayern-chTT (LL Nord)"]
[Site "Bayern 2008/09"]
[Date "2008.12.14"]
[Round "4.3"]
[White "Smid, Miroslav"]
[Black "Lowitz, Torsten"]
[Result "1/2-1/2"]
[WhiteElo "2196"]
[BlackElo "2067"]
[PlyCount "91"]
[EventDate "2009.03.??"]
[EventType "team-tourn"]
[EventRounds "9"]
[WhiteTeam "Kulmbach 1"]
[BlackTeam "Puschendorf 1"]

1. e4 c5 2. Nf3 d6 3. Bb5+ Bd7 4. Bxd7+ Qxd7 5. O-O Nf6 6. Re1 e6 7. c3 Be7 8.
d4 cxd4 9. cxd4 O-O 10. Nc3 Nc6 11. d5 Ne5 12. Bf4 Ng6 13. dxe6 fxe6 14. Bg3
Nh5 15. Ne5 Nxe5 16. Bxe5 Nf6 17. Bd4 e5 18. Be3 Rfd8 19. Nd5 Nxd5 20. Qxd5+
Kh8 21. Rac1 a6 22. Rc4 Rac8 23. Rec1 h6 24. Bb6 Rxc4 25. Qxc4 Rf8 26. a4 Bg5
27. Rc2 Qf7 28. f3 Qxc4 29. Rxc4 Rf7 30. Kf2 Rd7 31. Rc7 Rxc7 32. Bxc7 Be7 33.
g3 g5 34. Ke3 Kg7 35. Kd3 Kf7 36. Kc4 Ke6 37. Bb6 h5 38. g4 hxg4 39. fxg4 Bf6
40. b4 Be7 41. Be3 Bd8 42. b5 axb5+ 43. axb5 Be7 44. Bb6 Bf6 45. Be3 Be7 46.
Bf2 1/2-1/2

[Event "Bayern-chTT (LL Nord)"]
[Site "Bayern 2008/09"]
[Date "2008.12.14"]
[Round "4.4"]
[White "Diekers, Michael"]
[Black "Oehrlein, Thomas"]
[Result "0-1"]
[WhiteElo "2105"]
[BlackElo "2188"]
[PlyCount "138"]
[EventDate "2009.03.??"]
[EventType "team-tourn"]
[EventRounds "9"]
[WhiteTeam "Puschendorf 1"]
[BlackTeam "Kulmbach 1"]

1. Nf3 c5 2. c4 Nc6 3. d4 cxd4 4. Nxd4 e6 5. Nxc6 bxc6 6. g3 Nf6 7. Bg2 Be7 8.
O-O O-O 9. Nd2 d5 10. b3 Nd7 11. Bb2 Bf6 12. Qc2 Ba6 13. Rfe1 Rc8 14. Rad1 e5
15. e4 d4 16. Nf3 Re8 17. Rf1 c5 18. Ne1 Rc6 19. Nd3 Qe7 20. Bc1 Bc8 21. Rde1
Nf8 22. f4 Ng6 23. Bd2 Rb6 24. f5 Nf8 25. Rb1 Ba6 26. Rf3 Rc8 27. h4 Nd7 28.
Rbf1 Bb7 29. R3f2 Kh8 30. Qc1 Ra6 31. Bg5 Qd6 32. a4 Rb6 33. Qc2 Bc6 34. Bd2
Rcb8 35. Nc1 Be7 36. Rf3 Nf6 37. R3f2 Ng4 38. Rf3 Nf6 39. R3f2 d3 40. Qxd3 Qxd3
41. Nxd3 Ng4 42. Nc1 Nxf2 43. Kxf2 g6 44. Ke2 gxf5 45. Rxf5 f6 46. Be1 Bd7 47.
Rf1 Be6 48. Kd3 Rd6+ 49. Kc2 Bg4 50. Bc3 Rbd8 51. Bf3 Be6 52. Be2 Kg7 53. Nd3
R6d7 54. Nc1 Kg6 55. Kb2 Bf8 56. Kc2 Bh6 57. Nd3 Bh3 58. Nxc5 Rd2+ 59. Bxd2
Rxd2+ 60. Kc3 Rxe2 61. Rd1 Bf8 62. Nd7 Re3+ 63. Kc2 Bb4 64. Nb8 Bg2 65. Rd7
Bxe4+ 66. Kc1 Bc3 67. Rd1 Bd4 68. Nd7 Rxb3 69. c5 Be3+ 0-1

[Event "Bayern-chTT (LL Nord)"]
[Site "Bayern 2008/09"]
[Date "2008.12.14"]
[Round "4.5"]
[White "Rehak, Martin"]
[Black "Kotz, Reinhard"]
[Result "1/2-1/2"]
[WhiteElo "2128"]
[BlackElo "2075"]
[PlyCount "79"]
[EventDate "2009.03.??"]
[EventType "team-tourn"]
[EventRounds "9"]
[WhiteTeam "Kulmbach 1"]
[BlackTeam "Puschendorf 1"]

1. e4 Nf6 2. e5 Nd5 3. d4 d6 4. Nf3 Bg4 5. Be2 e6 6. c4 Nb6 7. exd6 cxd6 8. h3
Bh5 9. O-O Be7 10. b3 O-O 11. Bb2 N8d7 12. Nbd2 Qc7 13. Rc1 Bg6 14. Ba3 Rac8
15. Re1 Rfe8 16. Nb1 Nf6 17. Nc3 a6 18. Nh4 Nbd7 19. Bb2 Qa5 20. Nxg6 hxg6 21.
a3 Qc7 22. Bf3 Qb8 23. Qe2 Nh7 24. g3 Qa7 25. Qd3 Qb8 26. b4 Nhf6 27. g4 Qc7
28. Ne4 Nxe4 29. Qxe4 Rb8 30. Qe2 Bg5 31. Rc2 Rec8 32. Bc1 Bf6 33. Be3 a5 34.
g5 Be7 35. Bg4 axb4 36. axb4 d5 37. Rec1 dxc4 38. Rxc4 Qd8 39. d5 Rxc4 40. Qxc4
1/2-1/2

[Event "Bayern-chTT (LL Nord)"]
[Site "Bayern 2008/09"]
[Date "2008.12.14"]
[Round "4.6"]
[White "Seregelyes, Csaba"]
[Black "Janda, Pavel"]
[Result "0-1"]
[WhiteElo "2056"]
[BlackElo "2036"]
[PlyCount "128"]
[EventDate "2009.03.??"]
[EventType "team-tourn"]
[EventRounds "9"]
[WhiteTeam "Puschendorf 1"]
[BlackTeam "Kulmbach 1"]

1. e4 d5 2. exd5 Nf6 3. d4 Nxd5 4. c4 Nb6 5. Nc3 e5 6. dxe5 Qxd1+ 7. Nxd1 Be6
8. Ne3 Nc6 9. Nf3 O-O-O 10. Be2 Bb4+ 11. Bd2 Bxd2+ 12. Nxd2 Nxe5 13. O-O-O Nd3+
14. Bxd3 Rxd3 15. b3 Nd7 16. Ne4 Rxd1+ 17. Rxd1 h6 18. Nc3 c6 19. Ne4 Kc7 20.
f4 f5 21. Ng3 g6 22. Ne2 Re8 23. Nd4 Bf7 24. Re1 Nc5 25. Kc2 Re4 26. Nf3 Rxf4
27. b4 Nd7 28. Kc3 Re4 29. Nd2 Re8 30. a4 Nf6 31. Nc2 Rxe1 32. Nxe1 b5 33. axb5
cxb5 34. Kd4 a6 35. Nd3 bxc4 36. Nxc4 Bxc4 37. Kxc4 Ng4 38. Nf4 g5 39. Nd5+ Kd6
40. h3 Ne5+ 41. Kd4 Nc6+ 42. Kc4 Ke5 43. Kc5 Nxb4 44. Nxb4 Kf4 45. Nxa6 Kg3 46.
Kd4 Kxg2 47. Nc5 Kxh3 48. Ke3 Kg3 49. Ke2 Kg2 50. Nd3 f4 51. Ne1+ Kg3 52. Kf1
h5 53. Nd3 h4 54. Nf2 f3 55. Ne4+ Kf4 56. Nf2 g4 57. Nd3+ Ke3 58. Nf2 Kf4 59.
Nd3+ Kg3 60. Kg1 h3 61. Nf2 h2+ 62. Kf1 Kh4 63. Nh1 g3 64. Ke1 g2 0-1

[Event "Bayern-chTT (LL Nord)"]
[Site "Bayern 2008/09"]
[Date "2008.12.14"]
[Round "4.7"]
[White "Labin, Sascha"]
[Black "Sarec, Ivica"]
[Result "0-1"]
[WhiteElo "1930"]
[BlackElo "2016"]
[PlyCount "114"]
[EventDate "2009.03.??"]
[EventType "team-tourn"]
[EventRounds "9"]
[WhiteTeam "Kulmbach 1"]
[BlackTeam "Puschendorf 1"]

1. d4 Nf6 2. c4 c5 3. d5 b5 4. cxb5 a6 5. bxa6 Bxa6 6. Nc3 g6 7. e4 Bxf1 8.
Kxf1 d6 9. Nf3 Bg7 10. g3 Nbd7 11. Kg2 O-O 12. Re1 Qa5 13. e5 Ne8 14. Bg5 f6
15. exf6 exf6 16. Bf4 Ne5 17. Bxe5 dxe5 18. d6 Kh8 19. a4 Qb6 20. Nb5 Rd8 21.
Nd2 Nxd6 22. Nxd6 Qxd6 23. Nc4 Qe6 24. Qe2 Rd4 25. b3 Rb8 26. Qf3 e4 27. Qe3
Qd5 28. Kg1 f5 29. a5 Rd3 30. Qf4 Rbxb3 31. Nb6 Qd8 32. Rab1 h6 33. Qc1 Rbc3
34. Qf4 Kh7 35. a6 Ra3 36. Nc4 Rxa6 37. Ne3 Qd6 38. Rec1 Qxf4 39. gxf4 Rc3 40.
Rxc3 Bxc3 41. Rb7+ Kg8 42. Nd5 Bd4 43. Ne7+ Kf8 44. Nd5 Ra1+ 45. Kg2 Ra2 46.
Ne7 Rxf2+ 47. Kg3 Rf3+ 48. Kg2 Rf2+ 49. Kg3 Rb2 50. Nxg6+ Ke8 51. Rxb2 Bxb2 52.
Nh4 Kf7 53. Nxf5 Ke6 54. Ne3 Bc1 55. Nc2 Kf5 56. h3 Bxf4+ 57. Kf2 Ke5 0-1

[Event "Bayern-chTT (LL Nord)"]
[Site "Bayern 2008/09"]
[Date "2008.12.14"]
[Round "4.8"]
[White "Steinmueller, Alexander"]
[Black "Weiss, Frank(48)"]
[Result "1-0"]
[WhiteElo "2002"]
[BlackElo "1879"]
[PlyCount "67"]
[EventDate "2009.03.??"]
[EventType "team-tourn"]
[EventRounds "9"]
[WhiteTeam "Puschendorf 1"]
[BlackTeam "Kulmbach 1"]

1. e4 e6 2. d4 d5 3. Bd3 c5 4. exd5 exd5 5. Qe2+ Be7 6. dxc5 Nf6 7. Nf3 O-O 8.
O-O Re8 9. Bg5 h6 10. Bh4 Nc6 11. c3 Bg4 12. Bb5 Ne4 13. Bxe7 Rxe7 14. Qd1 Nxc5
15. Bxc6 bxc6 16. Nbd2 Qb6 17. b4 Ne4 18. Qc2 Nxd2 19. Qxd2 Bxf3 20. gxf3 Rae8
21. Rfe1 Qb5 22. Rxe7 Rxe7 23. Re1 Qb7 24. Rxe7 Qxe7 25. Qe3 Kf8 26. Kf1 f6 27.
Ke2 Qxe3+ 28. Kxe3 Ke7 29. Kd4 Kd6 30. h4 h5 31. f4 g5 32. fxg5 fxg5 33. hxg5
Ke6 34. f4 1-0

[Event "Bayern-chTT (LL Nord)"]
[Site "Bayern 2008/09"]
[Date "2009.01.18"]
[Round "5.1"]
[White "Kreuzer, Martin ProfDr"]
[Black "Haba, Zdenek"]
[Result "1-0"]
[WhiteElo "2337"]
[BlackElo "2205"]
[PlyCount "131"]
[EventDate "2009.03.??"]
[EventType "team-tourn"]
[EventRounds "9"]
[WhiteTeam "Kelheim 1"]
[BlackTeam "Kulmbach 1"]

1. e4 g6 2. d4 Bg7 3. c3 d5 4. exd5 Qxd5 5. Nf3 Nf6 6. Nbd2 O-O 7. Bc4 Qd6 8.
O-O c5 9. dxc5 Qxc5 10. Qe2 Qc7 11. Ne5 e6 12. Ndf3 Nc6 13. Nxc6 Qxc6 14. Bf4
Nh5 15. Be5 f6 16. Nd4 Qb6 17. Bg3 Nxg3 18. hxg3 Kh8 19. Bb3 e5 20. Nc2 Be6 21.
Bxe6 Qxe6 22. Ne3 f5 23. c4 e4 24. Nd5 Qe5 25. Rad1 g5 26. b3 f4 27. Qg4 Rae8
28. Rfe1 h6 29. Re2 fxg3 30. fxg3 Qd6 31. Kh2 Qg6 32. Nf4 Qf5 33. Qxf5 Rxf5 34.
Nd5 h5 35. Rde1 Rfe5 36. g4 hxg4 37. Kg3 a6 38. Kxg4 b5 39. Ne3 Rf8 40. Rf1
Rxf1 41. Nxf1 bxc4 42. bxc4 Ra5 43. Ng3 e3 44. Nf5 Bf6 45. Nxe3 Re5 46. Kf3 Kg7
47. g4 Ra5 48. Rc2 Rc5 49. Ke4 Kf7 50. Nd5 Ke6 51. Nxf6 Kxf6 52. Kd4 Rc8 53. c5
Ke6 54. c6 Kd6 55. c7 Rxc7 56. Rxc7 Kxc7 57. Ke5 Kc6 58. Kf5 Kb5 59. Kxg5 Kb4
60. Kf5 Ka3 61. g5 Kxa2 62. g6 a5 63. g7 a4 64. g8=Q+ Kb2 65. Qb8+ Ka2 66. Qb4
1-0

[Event "Bayern-chTT (LL Nord)"]
[Site "Bayern 2008/09"]
[Date "2009.01.18"]
[Round "5.2"]
[White "Vedral, Oldrich"]
[Black "Giessmann, Stephan(73)"]
[Result "1/2-1/2"]
[WhiteElo "2239"]
[BlackElo "2129"]
[PlyCount "92"]
[EventDate "2009.03.??"]
[EventType "team-tourn"]
[EventRounds "9"]
[WhiteTeam "Kulmbach 1"]
[BlackTeam "Kelheim 1"]

1. Nf3 d5 2. d4 Nf6 3. Bf4 c6 4. e3 Bg4 5. h3 Bh5 6. c4 e6 7. Nc3 Nbd7 8. Be2
Be7 9. Qb3 Qb6 10. c5 Qxb3 11. axb3 O-O 12. b4 a6 13. g4 Bg6 14. Nd2 Rac8 15.
Nb3 Bd8 16. Na5 Bxa5 17. bxa5 Ne8 18. Ra3 Nc7 19. Bxc7 Rxc7 20. Kd2 f6 21. f4
e5 22. Rb3 Bf7 23. Ra1 Re8 24. Bd3 exd4 25. exd4 Nxc5 26. dxc5 d4 27. Rba3
dxc3+ 28. Rxc3 Rce7 29. Rd1 Bd5 30. Bc4 Bxc4 31. Rxc4 Re3 32. Kc2 Rxh3 33. Rb4
Rh2+ 34. Kb1 Rf2 35. f5 Re7 36. Rd8+ Kf7 37. Rb8 h5 38. R8xb7 hxg4 39. Rxe7+
Kxe7 40. Rxg4 Rxf5 41. Rxg7+ Ke6 42. Ra7 Rxc5 43. Rxa6 Kd6 44. Ra7 f5 45. b3 f4
46. Rf7 Rxa5 1/2-1/2

[Event "Bayern-chTT (LL Nord)"]
[Site "Bayern 2008/09"]
[Date "2009.01.18"]
[Round "5.3"]
[White "Kreuzer, Helmut"]
[Black "Oehrlein, Thomas"]
[Result "0-1"]
[WhiteElo "2194"]
[BlackElo "2188"]
[PlyCount "84"]
[EventDate "2009.03.??"]
[EventType "team-tourn"]
[EventRounds "9"]
[WhiteTeam "Kelheim 1"]
[BlackTeam "Kulmbach 1"]

1. d4 e6 2. c4 d5 3. Nc3 c6 4. cxd5 exd5 5. Nf3 Nf6 6. Bg5 Be7 7. e3 O-O 8. Bd3
Be6 9. Qc2 Nbd7 10. O-O h6 11. Bh4 Re8 12. Rab1 g5 13. Bg3 Nh5 14. b4 Nxg3 15.
hxg3 Rc8 16. Rfc1 Bf6 17. Na4 Kg7 18. Rb3 g4 19. Ne1 h5 20. Bf5 Qe7 21. Nc5
Nxc5 22. bxc5 h4 23. gxh4 Bxh4 24. g3 Bg5 25. Rcb1 Qf6 26. Bxe6 Rxe6 27. Rxb7
Rh8 28. R1b3 Qh6 29. Kf1 Bxe3 30. Rxf7+ Kxf7 31. Qf5+ Qf6 32. Qxf6+ Kxf6 33.
fxe3 Rh1+ 34. Kf2 Kf5 35. Rb8 Ke4 36. Rf8 Rxe1 37. Kxe1 Kxe3 38. Kd1 Kxd4 39.
Rf7 Re3 40. Rf4+ Re4 41. Rf7 Kxc5 42. Rxa7 Re3 0-1

[Event "Bayern-chTT (LL Nord)"]
[Site "Bayern 2008/09"]
[Date "2009.01.18"]
[Round "5.4"]
[White "Rehak, Martin"]
[Black "Fuhrmann, Max(90)"]
[Result "1/2-1/2"]
[WhiteElo "2128"]
[BlackElo "2122"]
[PlyCount "57"]
[EventDate "2009.03.??"]
[EventType "team-tourn"]
[EventRounds "9"]
[WhiteTeam "Kulmbach 1"]
[BlackTeam "Kelheim 1"]

1. d4 d5 2. c4 c6 3. Nf3 Nf6 4. Qc2 e6 5. g3 Nbd7 6. Bg2 Bd6 7. O-O O-O 8. Nbd2
Qe7 9. b3 b6 10. Bb2 Bb7 11. e4 dxe4 12. Nxe4 Nxe4 13. Qxe4 Ba3 14. Bxa3 Qxa3
15. Ne5 Nxe5 16. dxe5 Rad8 17. Qe2 Qe7 18. Rfd1 c5 19. Rxd8 Rxd8 20. Rd1 Bxg2
21. Kxg2 Rd7 22. Qf3 g6 23. Kf1 Qd8 24. Ke1 Qc7 25. Qf6 Rxd1+ 26. Kxd1 Qd7+ 27.
Kc2 Qd4 28. Kb1 a6 29. a4 1/2-1/2

[Event "Bayern-chTT (LL Nord)"]
[Site "Bayern 2008/09"]
[Date "2009.01.18"]
[Round "5.5"]
[White "Eibl, Maximilian"]
[Black "Janda, Pavel"]
[Result "1-0"]
[WhiteElo "2013"]
[BlackElo "2036"]
[PlyCount "81"]
[EventDate "2009.03.??"]
[EventType "team-tourn"]
[EventRounds "9"]
[WhiteTeam "Kelheim 1"]
[BlackTeam "Kulmbach 1"]

1. e4 d5 2. exd5 Nf6 3. d4 Nxd5 4. c4 Nb4 5. a3 N4c6 6. Be3 g6 7. d5 Ne5 8. Bd4
f6 9. f4 Nf7 10. Nc3 Bg7 11. Nf3 O-O 12. Be2 e5 13. fxe5 fxe5 14. Be3 Nd7 15.
O-O Nf6 16. Kh1 Qe7 17. b4 b6 18. Qb3 Ng4 19. Bg1 e4 20. Nd4 Qe5 21. Rad1 Ng5
22. Rxf8+ Kxf8 23. Rf1+ Kg8 24. Ncb5 Bd7 25. c5 Kh8 26. Bxg4 Bxg4 27. Nc6 Qb2
28. Qxb2 Bxb2 29. h4 Be2 30. Nxc7 Bxf1 31. Nxa8 Nf7 32. cxb6 axb6 33. Nxb6 Bxa3
34. Bc5 Bd3 35. Kg1 Bc1 36. Kf2 Bf4 37. Nc8 Nh6 38. g3 Ng4+ 39. Kg2 Be3 40. d6
Bxc5 41. d7 1-0

[Event "Bayern-chTT (LL Nord)"]
[Site "Bayern 2008/09"]
[Date "2009.01.18"]
[Round "5.6"]
[White "Siegert, Wolfgang"]
[Black "Frieser, Klaus"]
[Result "1/2-1/2"]
[WhiteElo "1916"]
[BlackElo "2107"]
[PlyCount "64"]
[EventDate "2009.03.??"]
[EventType "team-tourn"]
[EventRounds "9"]
[WhiteTeam "Kulmbach 1"]
[BlackTeam "Kelheim 1"]

1. d4 d5 2. Bf4 e6 3. e3 c6 4. Bd3 f5 5. Nf3 Nf6 6. c3 Be7 7. Ne5 Nbd7 8. h3
Nxe5 9. Bxe5 Bd6 10. Bxd6 Qxd6 11. f4 Bd7 12. Nd2 g5 13. Qf3 gxf4 14. Qxf4 Ke7
15. O-O Rhg8 16. Nf3 Qxf4 17. exf4 Rg3 18. Rf2 Rag8 19. Kh2 Be8 20. Re1 Kd6 21.
Ng5 R3xg5 22. fxg5 Rxg5 23. g4 Bg6 24. gxf5 exf5 25. Re5 Ne4 26. Bxe4 dxe4 27.
c4 b6 28. Rf4 c5 29. Rd5+ Kc6 30. dxc5 bxc5 31. Rxe4 Bf7 32. Ree5 Bxd5 1/2-1/2

[Event "Bayern-chTT (LL Nord)"]
[Site "Bayern 2008/09"]
[Date "2009.01.18"]
[Round "5.7"]
[White "Maurer, Heinrich(46)"]
[Black "Schweizer, Wolfgang Dr"]
[Result "1-0"]
[WhiteElo "2063"]
[BlackElo "1879"]
[PlyCount "123"]
[EventDate "2009.03.??"]
[EventType "team-tourn"]
[EventRounds "9"]
[WhiteTeam "Kelheim 1"]
[BlackTeam "Kulmbach 1"]

1. e4 c6 2. d4 d5 3. Nc3 dxe4 4. Nxe4 Bf5 5. Ng3 Bg6 6. h4 h6 7. Nf3 Nd7 8. h5
Bh7 9. Bd3 Bxd3 10. Qxd3 Qc7 11. Bd2 e6 12. O-O-O O-O-O 13. Qe2 Ngf6 14. Ne5
Nxe5 15. dxe5 Nd7 16. f4 Be7 17. c4 Rhe8 18. Bc3 c5 19. Ne4 Nb8 20. Qg4 Bf8 21.
f5 Nc6 22. f6 gxf6 23. Nxf6 Rxd1+ 24. Rxd1 Rd8 25. Rxd8+ Nxd8 26. Qf4 Qc6 27.
g4 Qa4 28. Qd2 Qc6 29. Kc2 Bg7 30. Ng8 Qe4+ 31. Qd3 Qg2+ 32. Kb3 Nc6 33. Qd6
Qxg4 34. Ne7+ Nxe7 35. Qxe7 Qd1+ 36. Ka3 Qd7 37. Qxc5+ Kb8 38. b4 b6 39. Qd4
Qxd4 40. Bxd4 Kc7 41. b5 Bf8+ 42. Kb3 Kb7 43. a4 a5 44. Be3 Kc7 45. c5 bxc5 46.
Kc4 Kb6 47. Bf2 Be7 48. Bg1 f5 49. exf6 Bxf6 50. Bxc5+ Kb7 51. Be3 Bg7 52. Kc5
Bf8+ 53. Kd4 Bg7+ 54. Ke4 Kc7 55. Bf4+ Kd7 56. Bd2 Kd6 57. Bxa5 Kc5 58. Bc7 Bf6
59. Bf4 Bg7 60. Be3+ Kd6 61. a5 Kc7 62. a6 1-0

[Event "Bayern-chTT (LL Nord)"]
[Site "Bayern 2008/09"]
[Date "2009.01.18"]
[Round "5.8"]
[White "Worschech, Roland"]
[Black "Weigert, Wilhelm"]
[Result "0-1"]
[WhiteElo "1728"]
[BlackElo "1993"]
[PlyCount "80"]
[EventDate "2009.03.??"]
[EventType "team-tourn"]
[EventRounds "9"]
[WhiteTeam "Kulmbach 1"]
[BlackTeam "Kelheim 1"]

1. d4 Nf6 2. c4 c5 3. d5 b5 4. Nc3 b4 5. Nb1 d6 6. Nd2 g6 7. b3 Bg7 8. Bb2 O-O
9. e4 e6 10. Ngf3 exd5 11. exd5 Re8+ 12. Be2 Qe7 13. Kf1 Bf5 14. Ne1 a5 15. Bf3
a4 16. bxa4 Qd7 17. Nb3 Rxa4 18. Nc2 Ne4 19. Bxg7 Kxg7 20. Bxe4 Rxe4 21. Ne3
Ra3 22. h3 Rf4 23. f3 h5 24. Kf2 h4 25. Qd2 Qe7 26. Nc2 Qg5 27. Nxa3 Qg3+ 28.
Kf1 bxa3 29. Re1 Rxc4 30. Re2 Nd7 31. Qe1 Qg5 32. Kf2 Ne5 33. Rxe5 Qg3+ 34. Kg1
dxe5 35. Qxg3 hxg3 36. Kf1 Rc2 37. Ke1 Rxa2 38. d6 c4 39. Nc1 Rxg2 40. Ne2 a2
0-1